书目信息 |
| 题名: |
引力论和宇宙论
|
|
| 作者: | 王永久 著 | |
| 分册: | ||
| 出版信息: | 长沙 湖南师范大学出版社 2004.07 |
|
| 页数: | 995页, [3] 叶图版 | |
| 开本: | 21cm | |
| 丛书名: | ||
| 单 册: | ||
| 中图分类: | P159.1 | |
| 科图分类: | ||
| 主题词: | 引力论宇宙学--yin li lun yu zhou xue | |
| 电子资源: | ||
| ISBN: | 7-81081-403-6 | |
| 000 | 00892nam0 2200241 450 | |
| 001 | 012006128734 | |
| 005 | 20070611111237.51 | |
| 010 | @a7-81081-403-6@b精装@dCNY80.00 | |
| 100 | @a20061206d2004 km y0chiy0120 ea | |
| 101 | 0 | @achi |
| 102 | @aCN@b430000 | |
| 105 | @aacfha 000yy | |
| 200 | 1 | @a引力论和宇宙论@Ayin li lun he yu zhou lun@d= Gravitation and cosmology@f王永久著@Fwang yong jiu zhu@zeng |
| 210 | @a长沙@c湖南师范大学出版社@d2004.07 | |
| 215 | @a995页, [3] 叶图版@c图, 肖像, 摹真@d21cm | |
| 320 | @a有书目。 | |
| 330 | @a本书系统地阐述了广义相对论和宇宙论近年来的新进展。包括引力场和复合方程的解、引力效应、黑洞物理、广义相对论宇宙学和量子宇宙学等五篇。 | |
| 510 | 1 | @aGravitation and cosmology@zeng |
| 606 | 0 | @a引力论宇宙学@Ayin li lun yu zhou xue |
| 690 | @aP159.1@v4 | |
| 701 | 0 | @a王永久@Awang yong jiu@4著 |
| 801 | 0 | @aCN@c20070611 |
| 905 | @a10447@dP159.1@eW432 | |
| 引力论和宇宙论= Gravitation and cosmology/王永久著.-长沙:湖南师范大学出版社,2004.07 |
| 995页, [3] 叶图版:图, 肖像, 摹真;21cm |
| ISBN 7-81081-403-6(精装):CNY80.00 |
| 本书系统地阐述了广义相对论和宇宙论近年来的新进展。包括引力场和复合方程的解、引力效应、黑洞物理、广义相对论宇宙学和量子宇宙学等五篇。 |
| ● |
| 相关链接 |
|
|
|
正题名:引力论和宇宙论
索取号:P159.1/W432
 
预约/预借
| 序号 | 登录号 | 条形码 | 馆藏地/架位号 | 状态 | 备注 |
| 1 | 230939 | 202309395 | 期刊室512/401自科库 110排2列4层/ [索取号:P159.1/W432] | 在馆 | |
| 2 | 230940 | 202309402 | 自科二线504/504自科库 47排3列1层/ [索取号:P159.1/W432] | 在馆 | |
| 3 | 230941 | 202309411 | 自科库401/401自科库 111排1列6层/ [索取号:P159.1/W432] | 在馆 |